| 000 -LEADER |
| fixed length control field |
01016nam a2200349 i 4500 |
| 001 - CONTROL NUMBER |
| control field |
022714491 |
| 003 - CONTROL NUMBER IDENTIFIER |
| control field |
UkOxU |
| 005 - DATE AND TIME OF LATEST TRANSACTION |
| control field |
20230721085053.0 |
| 008 - FIXED-LENGTH DATA ELEMENTS--GENERAL INFORMATION |
| fixed length control field |
210616s2021 enka 000|0 eng d |
| 020 ## - INTERNATIONAL STANDARD BOOK NUMBER |
| International Standard Book Number |
9781382006408 |
| Qualifying information |
paperback |
| 035 ## - SYSTEM CONTROL NUMBER |
| System control number |
(Uk)020235534 |
| 035 ## - SYSTEM CONTROL NUMBER |
| System control number |
(StEdALDL)1/4058283 |
| 040 ## - CATALOGING SOURCE |
| Original cataloging agency |
StDuBDS |
| Language of cataloging |
eng |
| Description conventions |
rda |
| Transcribing agency |
StDuBDS |
| Modifying agency |
UkOxU |
| -- |
KH8 |
| 049 ## - LOCAL HOLDINGS (OCLC) |
| Holding library |
CROBAR |
| 082 04 - DEWEY DECIMAL CLASSIFICATION NUMBER |
| Classification number |
530 LLO |
| 100 ## - MAIN ENTRY--PERSONAL NAME |
| Personal name |
Lloyd, Sarah, |
| Relator term |
author |
| 245 00 - TITLE STATEMENT |
| Title |
Cambridge IGCSE & O level physics / |
| Statement of responsibility, etc. |
Sarah Lloyd. |
| 264 #1 - PRODUCTION, PUBLICATION, DISTRIBUTION, MANUFACTURE, AND COPYRIGHT NOTICE |
| Place of production, publication, distribution, manufacture |
Oxford : |
| Name of producer, publisher, distributor, manufacturer |
Oxford University Press, |
| Date of production, publication, distribution, manufacture, or copyright notice |
2021. |
| 264 #4 - PRODUCTION, PUBLICATION, DISTRIBUTION, MANUFACTURE, AND COPYRIGHT NOTICE |
| Date of production, publication, distribution, manufacture, or copyright notice |
©2021 |
| 300 ## - PHYSICAL DESCRIPTION |
| Extent |
222 pages : |
| Other physical details |
illustrations ; |
| Dimensions |
30 cm |
| 336 ## - CONTENT TYPE |
| Content type term |
text |
| Source |
rdacontent |
| 337 ## - MEDIA TYPE |
| Media type term |
unmediated |
| Source |
rdamedia |
| 338 ## - CARRIER TYPE |
| Carrier type term |
volume |
| Source |
rdacarrier |
| 490 1# - SERIES STATEMENT |
| Series statement |
Exam success |
| 521 2# - TARGET AUDIENCE NOTE |
| Target audience note |
GCSE. |
| 650 #0 - SUBJECT ADDED ENTRY--TOPICAL TERM |
| Topical term or geographic name entry element |
Physics |
| General subdivision |
Examinations |
| Form subdivision |
Study guides. |
| 700 1# - ADDED ENTRY--PERSONAL NAME |
| Personal name |
Harris, Anna, |
| Relator term |
author. |
| 700 1# - ADDED ENTRY--PERSONAL NAME |
| Personal name |
Azam, Naseemunissa |
| Relator term |
author. |
| 700 1# - ADDED ENTRY--PERSONAL NAME |
| Personal name |
Ramanathan, Ghanapathi, |
| Relator term |
author. |
| 830 #0 - SERIES ADDED ENTRY--UNIFORM TITLE |
| Uniform title |
Exam success. |
| 942 ## - ADDED ENTRY ELEMENTS (KOHA) |
| Source of classification or shelving scheme |
|
| Koha item type |
Teaching Resources |